000 02012nam a22002777a 4500
040 _cNSHS
082 _a297.1226
_bMUR
100 1 _aMurtaẓá, Malik G̲h̲ulām
_9129573
245 1 _aAnvārulqur’ān:
_bQur’ān-i Karīm kī sūratoṇ kā ta̒āruf o talk̲h̲īṣ, maẓāmīn-i Qurʼān aur muntakhab āyāt kī tafsīr /
_cMuṣannifah Malik G̲h̲ulām Murtaẓá.
246 _aAnvarulquran / Malik Ghulam Murtaza
246 _aAnwarulquran
246 _aAnwaarulquran
246 _aAnwaar-ul-Quran
246 _aAnwar-ul-Quran
246 _aQur’ān-i Karīm kī sūratoṇ kā ta̒āruf o talk̲h̲īṣ
250 _aJild avval, Dvm
260 _a[Rāvalpinḍī]:
_bSarvisiz Buk Klab,
_c1998.
300 _a982 pages
500 _aReligion
500 _aIkkīsavīn ṣadī ke tanāẓur meṅ pahlī jamʻī tafsīr
520 _aAnvārul-Qur’ān is a valuable work that provides a brief introduction and summary of each surah of the Qur’an. The author aims to help readers understand the central theme and message of every chapter. Each surah is presented with its historical context, key topics, and spiritual significance. The book simplifies complex verses, making them accessible to general readers. It highlights the unity, mercy, guidance, and justice found throughout the Qur’an. The work connects the teachings of the Qur’an to everyday life and moral values. It serves as a helpful guide for students and those beginning Qur’anic study. The language is clear, concise, and spiritually enriching. The summaries are grounded in classical Islamic scholarship. It encourages reflection and deeper engagement with the Qur’anic text. The author also clarifies common misunderstandings in interpretation. Overall, it’s an excellent tool for understanding the structure and message of the Holy Qur’an.
546 _aIn Urdu.
650 0 _2Koran Criticism, interpretation, etc
_9461
942 _2ddc
_cBK
999 _c614167
_d614167